01476nam a2200289 a 4500001001200000003000800012006001900020007001500039008004100054010001700095020003300112040002100145035002000166050002300186082002200209110014000231245026800371260005400639300002200693504006400715533015200779650003200931650005100963655002901014710001701043856012601060ebr10056733CaPaEBRm u cr cn|||||||||920219s1992 dcua sb f001 0 eng  z 92007308  z0309046750 (acid-free paper) aCaPaEBRcCaPaEBR a(OCoLC)4232922114aSH138b.N38 1992eb04a338.3/71/09732202 aNational Research Council (U.S.).bCommittee on Assessment of Technology and Opportunities for Marine Aquaculture in the United States.10aMarine aquacultureh[electronic resource] :bopportunities for growth /cCommittee on Assessment of Technology and Opportunities for Marine Aquaculture in the United States, Marine Board, Commission on Engineering and Technical Systems, National Research Council. aWashington D.C. :bNational Academy Press,c1992. ax, 290 p. :bill. aIncludes bibliographical references (p. 178-205) and index. aElectronic reproduction.bPalo Alto, Calif. :cebrary,d2013.nAvailable via World Wide Web.nAccess may be limited to ebrary affiliated libraries. 0aMariculturezUnited States. 0aMariculturexGovernment policyzUnited States. 7aElectronic books.2local2 aebrary, Inc.40uhttp://site.ebrary.com/lib/rucke/Doc?id=10056733zAn electronic book accessible through the World Wide Web; click to view